| 000 | 00453nam a2200145 i 4500 | ||
|---|---|---|---|
| 001 | 44405 | ||
| 003 | ES-MaACL | ||
| 005 | 20230906161025.0 | ||
| 007 | t| | ||
| 008 | 030321s1967 sp ||||1| spa d | ||
| 245 | 0 | 0 |
_aCódigo alimentario español _b: Decreto 2484/1967... de 21 de septiembre y texto del código alimentario español. |
| 260 |
_aMadrid : _bGarcía Enciso, _c[1967] |
||
| 300 |
_a255 p. ; _c25 cm. |
||
| 852 |
_aES-MaACL _jC-34015 _bR.64970 |
||
| 999 |
_c44405 _d44405 |
||